00691nam a2200205 i 4500003000900000005001700009007000300026008004100029040003000070082001300100100003600113245006400149250004500213264005000258300005600308336002700364337003400391338002800425504003200453DO-SdBNP20240517111956.0ta110413s1976 dr ac 000 j spa d aDO-SdBNPbspacBNPHUerda 4bM2552221 aMallol Burgos, Elso F., eautor10aAtlas de histopatología integral /cElso F. Mallol Burgos aSegunda edición, corregida y ampliada 1aSanto Domingo :bEconomato de la UASD,c1976. a557 páginas :bIlustraciones y retratos ;c26 cm. 2rdacontentatextobtxt 2rdamediaasin mediación bn 2rdacarrieravolumenbnc aBibliografía : p. 551-557